000 00805nam a2200229 i 4500
001 bg
100 1 _aGUTKOWSKI, Bogdan
245 1 0 _aAktualne przepisy w ochronie środowiska :
_bsuplement 3 /
_caut. Bogdan Gutkowski ; AOS Agencja Ochrony Środowiska w Koszalinie.
250 _aStan prawny na dzień 01.06.2003 r.
260 _aKoszalin :
_bAOŚ,
_c2003.
300 _a144 s. ;
_c30 cm +
_eCD ROM: Wzory wykazów i formularzy obowiązujących w ochronie środowiska.
650 9 _aPrawo ochrony środowiska
_zPolska
_ystan na 2003 r.
655 _aPoradniki
710 0 _aAgencja Ochrony Środowiska (Koszalin)
020 _a8391534588
040 _cBPK
041 0 _apol
080 _a349.6(438)(083.1)
920 _a83-915345-8-8
942 _cKS
008 s pl f |000 0 pol
999 _c42954
_d42954
856 _uhttp://koha.tu.koszalin.pl/cgi-bin/koha/opac-detail.pl?biblionumber=42954
_yKatalog online BPK